[Event "ch-FRA Blitz Online Qual"]
[Site "Europe-Chess INT"]
[Date "2020.05.16"]
[Round "1"]
[White "Daunay, Gabriel"]
[Black "Pottier, Simeon"]
[Result "0-1"]
[WhiteElo "1701"]
[BlackElo "2186"]
[WhiteFideId "45103321"]
[BlackFideId "26069296"]
[EventDate "2020.05.16"]

1. e4 c5 2. Nf3 Nc6 3. Bb5 g6 4. O-O Bg7 5. Re1 Nf6 6. e5 Nd5 7. Nc3 Nc7 8. Bxc6
dxc6 9. Ne4 Ne6 10. d3 O-O 11. Be3 Nd4 12. Nxc5 Nf5 13. Bf4 b6 14. Ne4 c5 15.
Qd2 Bb7 16. c3 Qd5 17. g4 Rad8 18. gxf5 gxf5 19. Neg5 h6 20. Re3 hxg5 21. Bxg5
f6 22. exf6 Bxf6 23. Bxf6 Rxf6 24. Kf1 f4 25. Rxe7 Qxf3 26. Rg7+ Kxg7 27. Rc1
Rg6 28. Qe2 Rg1+ 0-1

[Event "ch-FRA Blitz Online Qual"]
[Site "Europe-Chess INT"]
[Date "2020.05.16"]
[Round "1"]
[White "Popov, Konstantin"]
[Black "Weber, Richard"]
[Result "1-0"]
[WhiteTitle "FM"]
[WhiteElo "2366"]
[BlackElo "1463"]
[WhiteFideId "34137910"]
[BlackFideId "644382"]
[EventDate "2020.05.16"]

1. e4 c5 2. Nf3 d6 3. d4 cxd4 4. Nxd4 Nf6 5. Nc3 a6 6. h3 h5 7. g3 e6 8. Bg2 Nc6
9. Nxc6 bxc6 10. e5 Nd5 11. exd6 Qxd6 12. Ne4 Qe7 13. O-O Bb7 14. c4 Nf6 15. Bg5
Rd8 16. Qb3 Rd7 17. Rad1 Rxd1 18. Rxd1 Qc7 19. Nxf6+ gxf6 20. Bxf6 Be7 21. Bxh8
f6 22. Qf3 Kf7 23. Qxh5+ 1-0

[Event "ch-FRA Blitz Online Qual"]
[Site "Europe-Chess INT"]
[Date "2020.05.16"]
[Round "1"]
[White "Gilles, Francois"]
[Black "Morais, Mario"]
[Result "0-1"]
[WhiteElo "1637"]
[BlackElo "2061"]
[WhiteFideId "654663"]
[BlackFideId "614270"]
[EventDate "2020.05.16"]

1. d4 Nf6 2. c4 c5 3. d5 e6 4. Nc3 exd5 5. cxd5 d6 6. e4 g6 7. f4 Bg7 8. Nf3 O-O
9. Bd3 a6 10. a4 Re8 11. O-O Bg4 12. h3 Bxf3 13. Qxf3 Nbd7 14. f5 Ne5 15. Qe2
Rc8 16. Bg5 Nxd3 17. Qxd3 Qb6 18. Kh1 c4 19. Qc2 Nh5 20. Rae1 Ng3+ 21. Kh2 Be5
22. Bf4 Nxf1+ 23. Rxf1 Qe3 24. Qf2 Qxf2 25. Rxf2 f6 26. fxg6 hxg6 27. Bxe5 fxe5
28. Rf3 Kg7 29. Rg3 Rf8 30. Rf3 Rxf3 31. gxf3 Rc5 32. Kg3 b5 33. axb5 axb5 34.
Kf2 b4 35. Na4 c3 36. bxc3 Ra5 37. Nb2 Ra2 0-1

[Event "ch-FRA Blitz Online Qual"]
[Site "Europe-Chess INT"]
[Date "2020.05.16"]
[Round "1"]
[White "Roque, Gaetan"]
[Black "Janon, Nicolas"]
[Result "1-0"]
[WhiteElo "2128"]
[BlackElo "1392"]
[WhiteFideId "20666934"]
[BlackFideId "36039136"]
[EventDate "2020.05.16"]

1. d4 d5 2. Bf4 Nc6 3. e3 e6 4. Nf3 Bb4+ 5. c3 Bd6 6. Bg3 Nge7 7. Nbd2 O-O 8.
Bd3 Ng6 9. Qc2 Re8 10. O-O-O e5 11. dxe5 Ncxe5 12. Nxe5 Bxe5 13. Bxe5 Rxe5 14.
Nf3 Re8 15. h4 Bg4 16. h5 Bxf3 17. gxf3 Ne5 18. Bxh7+ Kf8 19. f4 Ng4 20. Bf5
Nxf2 21. Qxf2 Re7 22. h6 g6 23. h7 Kg7 24. h8=Q+ Qxh8 25. Rxh8 Rxh8 26. Bg4 f5
27. Bf3 Kf6 28. Rxd5 Reh7 29. Qd2 Rh1+ 30. Bxh1 Rh2 31. Kc2 Rxd2+ 32. Kxd2 Ke6
33. Rd4 b6 34. e4 fxe4 35. Bxe4 c5 36. Ra4 a5 37. Bxg6 Kf6 38. f5 Kg5 39. b4
cxb4 40. cxb4 axb4 41. Rxb4 Kf6 42. Rxb6+ Kg5 43. f6 Kxg6 44. a4 Kf7 45. a5 Kf8
46. a6 Kf7 47. a7 Kf8 48. a8=Q+ Kf7 49. Qa7+ Kg6 50. f7+ Kf5 51. Qd7+ Ke4 52.
Rb4+ Ke5 53. Qe7+ Kf5 54. f8=Q+ Kg6 55. Qeg7+ Kh5 56. Qfh8# 1-0

[Event "ch-FRA Blitz Online Qual"]
[Site "Europe-Chess INT"]
[Date "2020.05.16"]
[Round "1"]
[White "Benlatreche, Farid"]
[Black "Masset, Jacques"]
[Result "0-1"]
[WhiteElo "1416"]
[BlackElo "2058"]
[WhiteFideId "551081474"]
[BlackFideId "20603703"]
[EventDate "2020.05.16"]

1. e4 g6 2. Nf3 Bg7 3. d4 c5 4. c3 cxd4 5. cxd4 d5 6. e5 Nc6 7. Bb5 Nh6 8. Bxh6
Bxh6 9. O-O O-O 10. Bxc6 bxc6 11. Nc3 Rb8 12. Qc2 Bf5 13. Qe2 Qa5 14. Nh4 Bc8
15. f4 Ba6 16. Qg4 Bxf1 17. Rxf1 Rxb2 18. Nf5 Bg7 19. Nxe7+ Kh8 20. f5 Qxc3 21.
fxg6 Qe3+ 22. Kh1 Qf2 23. Rg1 fxg6 24. h4 Rf4 25. Qc8+ Bf8 26. Nxc6 Rxh4+ 0-1

[Event "ch-FRA Blitz Online Qual"]
[Site "Europe-Chess INT"]
[Date "2020.05.16"]
[Round "1"]
[White "Rode, Antony"]
[Black "Richard, Maxime"]
[Result "1-0"]
[WhiteElo "2055"]
[BlackElo "1436"]
[WhiteFideId "626236"]
[BlackFideId "20643411"]
[EventDate "2020.05.16"]

1. e4 d5 2. exd5 Nf6 3. Bb5+ Bd7 4. Be2 Bf5 5. d4 Nxd5 6. a3 e6 7. Nf3 Nc6 8. c4
Nf6 9. O-O Be7 10. Nc3 O-O 11. d5 exd5 12. cxd5 Nb8 13. Qb3 b6 14. Rd1 Nbd7 15.
Bf4 Nc5 16. Qa2 Bd6 17. Bg5 h6 18. Bh4 Re8 19. Bb5 Rf8 20. Bc6 Rb8 21. Nb5 a6
22. Nxd6 Qxd6 23. Bg3 Qd8 24. Nd4 Be4 25. b4 Nd3 26. Qb3 Nh5 27. Rxd3 Bxd3 28.
Qxd3 Nxg3 29. hxg3 Re8 30. Nf5 Qf6 31. Rd1 Rbd8 32. Ne3 Re7 33. Qxa6 h5 34. Qc4
h4 35. Qxh4 Qc3 36. Qd4 Qxa3 37. Ra1 Qb3 38. Nf5 g6 39. Nxe7+ Kf8 40. Nxg6+ fxg6
41. Qf6+ Kg8 42. Qxd8+ Kg7 43. Qxc7+ Kh6 44. Qd7 Qb2 45. Re1 Qd2 46. Qh3+ Kg7
47. Re7+ Kf6 48. Qe6+ Kg5 49. Qe3+ Qxe3 50. fxe3 Kf6 51. Rb7 Ke5 52. Rc7 Kd6 53.
Rd7+ Ke5 54. Rb7 Kf6 55. Rxb6 Ke5 56. Bb7 Ke4 57. d6+ Kxe3 58. d7 Ke2 59. d8=Q
Ke3 60. Re6# 1-0

[Event "ch-FRA Blitz Online Qual"]
[Site "Europe-Chess INT"]
[Date "2020.05.16"]
[Round "1"]
[White "Toussaint, Florent"]
[Black "Kollar, Romain"]
[Result "0-1"]
[WhiteElo "1391"]
[BlackElo "2205"]
[WhiteFideId "36088730"]
[BlackFideId "36017981"]
[EventDate "2020.05.16"]

1. d4 Nf6 2. Nf3 g6 3. Nc3 d5 4. Bf4 Bg7 5. e3 O-O 6. Be2 c5 7. O-O Nc6 8. Re1
Bg4 9. h3 Bxf3 10. Bxf3 cxd4 11. exd4 e6 12. Qd2 Re8 13. Rad1 Qd7 14. Bh6 Bh8
15. Ne2 Rac8 16. Nf4 Qc7 17. c3 Na5 18. Be2 Ne4 19. Qe3 Qb6 20. Rb1 Nd6 21. Bd3
Nac4 22. Bxc4 Nxc4 23. Qe2 Qa5 24. Ra1 b5 25. Nd3 Qb6 26. Nc5 e5 27. b3 Qc6 28.
bxc4 exd4 29. Qd2 Qxc5 30. cxd4 Qxc4 31. Rad1 Rxe1+ 32. Rxe1 Qxd4 33. Qe2 Qe4
34. Qxe4 dxe4 35. Rxe4 Bf6 36. Rb4 a6 37. a4 Rc4 38. Bd2 Rxb4 39. Bxb4 bxa4 40.
Kf1 Bg7 41. Ke2 Bf8 42. Kd3 Bxb4 0-1

[Event "ch-FRA Blitz Online Qual"]
[Site "Europe-Chess INT"]
[Date "2020.05.16"]
[Round "1"]
[White "Antao, Amory"]
[Black "Gatineau, Milann"]
[Result "1-0"]
[WhiteElo "2099"]
[BlackElo "1390"]
[WhiteFideId "36049700"]
[BlackFideId "36044199"]
[EventDate "2020.05.16"]

1. Nc3 d5 2. e4 d4 3. Nce2 c5 4. Nf3 Nc6 5. Ng3 h6 6. Bc4 Nf6 7. d3 e6 8. a3 Bd6
9. Qe2 e5 10. Nh4 Ne7 11. Bd2 a6 12. O-O b5 13. Ba2 O-O 14. f4 Bg4 15. Qf2 Qc7
16. h3 Bd7 17. fxe5 Bxe5 18. Ngf5 Nxf5 19. Nxf5 Rae8 20. Rae1 Nh5 21. Bxf7+ Rxf7
22. Nxh6+ Kh7 23. Qxf7 Bh2+ 24. Kf2 Bg3+ 25. Ke2 1-0

[Event "ch-FRA Blitz Online Qual"]
[Site "Europe-Chess INT"]
[Date "2020.05.16"]
[Round "1"]
[White "Nezosi, Constantin"]
[Black "Lamorelle, Yves"]
[Result "1-0"]
[BlackTitle "FM"]
[WhiteElo "1458"]
[BlackElo "2052"]
[WhiteFideId "36066974"]
[BlackFideId "601810"]
[EventDate "2020.05.16"]

1. e4 e5 2. Nf3 Nc6 3. d4 exd4 4. Nxd4 Bc5 5. Nxc6 Qf6 6. Qd2 Qxc6 7. Nc3 Ne7 8.
Bc4 O-O 9. O-O a6 10. a4 d6 11. Qg5 Ng6 12. Nd5 Be6 13. Qxg6 Bxd5 14. exd5 Qb6
15. Qg3 Rfe8 16. c3 Re4 17. Bd3 Re5 18. b4 Bxb4 19. cxb4 Rxd5 20. Bc4 Rd4 21.
Bb2 1-0

[Event "ch-FRA Blitz Online Qual"]
[Site "Europe-Chess INT"]
[Date "2020.05.16"]
[Round "1"]
[White "Hue, Victor"]
[Black "Ninin, Gabriel"]
[Result "1/2-1/2"]
[WhiteElo "2038"]
[BlackElo "1426"]
[WhiteFideId "26045710"]
[BlackFideId "45169756"]
[EventDate "2020.05.16"]

1. e4 d5 2. exd5 Nf6 3. d4 Bg4 4. Nf3 Qxd5 5. Be2 Nc6 6. Be3 O-O-O 7. h3 Qh5 8.
O-O e5 9. c3 e4 10. hxg4 Nxg4 11. Bf4 Bd6 12. Ne5 f5 13. Bxg4 fxg4 14. Qc1 Rhf8
15. Bg3 Rf3 16. Nxf3 gxf3 17. Re1 Bxg3 18. fxg3 fxg2 19. Qe3 Qh1+ 20. Kf2 Rf8+
21. Ke2 g1=N+ 22. Rxg1 Qh5+ 23. Kd2 Qh2+ 24. Kd1 Rf3 25. Qe1 Rd3+ 26. Nd2 Qh5+
27. Kc2 Nxd4+ 28. cxd4 Qa5 29. Qe2 Qa4+ 30. b3 Qc6+ 31. Kb2 Qc3+ 32. Ka3 Qa5+
33. Kb2 Qc3+ 34. Ka3 Qa5+ 35. Kb2 Qc3+ 1/2-1/2

[Event "ch-FRA Blitz Online Qual"]
[Site "Europe-Chess INT"]
[Date "2020.05.16"]
[Round "1"]
[White "Hilton, Marc"]
[Black "Sobry, Sebastien"]
[Result "0-1"]
[WhiteElo "1546"]
[BlackElo "2034"]
[WhiteFideId "36086983"]
[BlackFideId "622516"]
[EventDate "2020.05.16"]

1. d4 c5 2. dxc5 e6 3. Nf3 Bxc5 4. e3 Nf6 5. Bc4 d5 6. Bb5+ Bd7 7. Bxd7+ Nbxd7
8. O-O O-O 9. Nbd2 Rc8 10. c3 b5 11. e4 dxe4 12. Ng5 e3 13. Nde4 exf2+ 14. Nxf2
Qb6 15. Qf3 Ne5 16. Qg3 Neg4 17. Nh3 Bxf2+ 18. Nxf2 Nxf2 19. Rxf2 Ne4 20. Qf3
Qxf2+ 21. Qxf2 Nxf2 22. Kxf2 Rfd8 23. Be3 a6 0-1

[Event "ch-FRA Blitz Online Qual"]
[Site "Europe-Chess INT"]
[Date "2020.05.16"]
[Round "1"]
[White "Kuhn, Clement"]
[Black "Le Cainec, Erwan"]
[Result "1-0"]
[WhiteTitle "CM"]
[WhiteElo "2150"]
[BlackElo "1052"]
[WhiteFideId "36099775"]
[BlackFideId "36089583"]
[EventDate "2020.05.16"]

1. e4 c5 2. Nf3 Nc6 3. d4 cxd4 4. Nxd4 g6 5. c4 Bg7 6. Be3 Nf6 7. Nc3 O-O 8. Be2
d6 9. O-O Qb6 10. Ne6 Qxb2 11. Na4 Qe5 12. Nxf8 Kxf8 13. f3 Nxe4 14. fxe4 Qxe4
15. Qd2 Bxa1 16. Rxa1 Ne5 17. Nc3 Qf5 18. Rf1 Qe6 19. Nd5 b6 20. Nc7 Qd7 21.
Nxa8 Bb7 22. Bd4 Nc6 23. Qh6+ Ke8 24. Qxh7 e6 25. Bf6 1-0

[Event "ch-FRA Blitz Online Qual"]
[Site "Europe-Chess INT"]
[Date "2020.05.16"]
[Round "1"]
[White "Anselin, Djavan"]
[Black "Emmenecker, Pierre-Antoine"]
[Result "0-1"]
[WhiteElo "1499"]
[BlackElo "2172"]
[WhiteFideId "36080713"]
[BlackFideId "36031321"]
[EventDate "2020.05.16"]

1. e4 e5 2. f4 exf4 3. Nf3 Be7 4. Bc4 Bh4+ 5. Kf1 d5 6. Bxd5 Nf6 7. Nc3 Nxd5 8.
Nxd5 Bg4 9. d3 O-O 10. Bxf4 Na6 11. h3 Bh5 12. Qd2 Bxf3 13. gxf3 f5 14. Ke2 fxe4
15. fxe4 c6 16. Nc3 Qe8 17. Qe3 Qh5+ 18. Kd2 Rxf4 19. Qxf4 Bg5 20. Raf1 Bxf4+
21. Rxf4 Qh6 22. Rf1 Rf8 23. Ne2 Rxf4 24. Nxf4 Nc5 25. Kd1 Ne6 26. Ne2 Qxh3 27.
Nc3 Qxf1+ 0-1

[Event "ch-FRA Blitz Online Qual"]
[Site "Europe-Chess INT"]
[Date "2020.05.16"]
[Round "1"]
[White "Roussel, Simon"]
[Black "Sabapathee, Florian"]
[Result "1-0"]
[WhiteElo "2140"]
[BlackElo "1444"]
[WhiteFideId "26025710"]
[BlackFideId "45195951"]
[EventDate "2020.05.16"]

1. e4 c5 2. Nf3 e6 3. d4 cxd4 4. Nxd4 Nc6 5. Nc3 Nf6 6. Nxc6 bxc6 7. Bd3 Bb4 8.
Bd2 d5 9. e5 Nd7 10. f4 c5 11. a3 Ba5 12. Nb5 Bc7 13. Qg4 g6 14. Nxc7+ Qxc7 15.
c3 Rb8 16. b4 cxb4 17. axb4 Nb6 18. Qe2 Bd7 19. O-O Na4 20. Ra3 O-O 21. Rfa1 Nb2
22. Rxa7 Qb6+ 23. Be3 d4 24. Bxd4 1-0

[Event "ch-FRA Blitz Online Qual"]
[Site "Europe-Chess INT"]
[Date "2020.05.16"]
[Round "1"]
[White "Emmenecker, Philippe"]
[Black "Cherfils, Richard"]
[Result "1-0"]
[WhiteElo "2100"]
[BlackElo "1356"]
[WhiteFideId "616273"]
[BlackFideId "36072362"]
[EventDate "2020.05.16"]

1. d4 e6 2. c4 d5 3. Nf3 Nf6 4. Nc3 c5 5. e3 cxd4 6. exd4 Bb4 7. Bd3 O-O 8. O-O
Nc6 9. a3 Ba5 10. b4 Bc7 11. c5 b6 12. b5 Na5 13. c6 Nc4 14. Qe2 Nd6 15. a4 Re8
16. Ne5 a6 17. Bg5 axb5 18. axb5 Rxa1 19. Rxa1 Nc4 20. Nxc4 dxc4 21. Bxf6 Qxf6
22. Bxc4 Qxd4 23. Rc1 e5 24. Nd5 Bd6 25. Rd1 Qh4 26. Ne3 e4 27. Rxd6 g6 28. Qd2
Qg5 29. Rd5 Qh6 30. Rd8 Qf8 31. Rxe8 Qxe8 32. Qd6 Bf5 33. Nxf5 gxf5 34. c7 e3
35. Qd8 1-0

[Event "ch-FRA Blitz Online Qual"]
[Site "Europe-Chess INT"]
[Date "2020.05.16"]
[Round "1"]
[White "Thibous, Leo"]
[Black "Linnemer, Laurent"]
[Result "0-1"]
[WhiteElo "1380"]
[BlackElo "2163"]
[WhiteFideId "45136084"]
[BlackFideId "651095"]
[EventDate "2020.05.16"]

1. Nf3 d6 2. g3 e5 3. Bg2 Nd7 4. O-O Be7 5. Ne1 h5 6. d4 h4 7. dxe5 dxe5 8. Nf3
hxg3 9. fxg3 Bc5+ 10. e3 Ngf6 11. Nc3 a6 12. Nd5 Ng4 13. h3 Nh6 14. a3 c6 15.
Nc3 Nf5 16. Qe1 Qe7 17. b4 Ba7 18. Na4 Nf6 19. c4 Ne4 20. g4 Nfg3 21. Bb2 Nxf1
22. Qxf1 Bxe3+ 23. Kh1 Ng3+ 24. Kh2 Nxf1+ 25. Rxf1 Bxg4 26. Re1 Bf4+ 27. Kh1
Bxf3 28. Bxf3 Qh4 29. Bxe5 Qxe1+ 30. Kg2 Qxe5 31. Bg4 O-O 0-1

[Event "ch-FRA Blitz Online Qual"]
[Site "Europe-Chess INT"]
[Date "2020.05.16"]
[Round "1"]
[White "Bourgeois, Florian"]
[Black "Barbaggi, Sasha"]
[Result "1/2-1/2"]
[WhiteElo "2033"]
[BlackElo "1375"]
[WhiteFideId "690660"]
[BlackFideId "551018780"]
[EventDate "2020.05.16"]

1. e4 e6 2. Nf3 d5 3. exd5 exd5 4. d4 Nf6 5. Bd3 Bb4+ 6. c3 Bd6 7. O-O O-O 8.
Bg5 h6 9. Bh4 Bg4 10. Nbd2 Nc6 11. Qc2 a6 12. Rfe1 Re8 13. Rxe8+ Qxe8 14. Bxf6
gxf6 15. Re1 Qd7 16. h3 Bxf3 17. Nxf3 Re8 18. Rxe8+ Qxe8 19. Qe2 Qxe2 20. Bxe2
b5 21. Nh4 Ne7 22. Bd3 Kg7 23. g3 Ng6 24. Nf5+ Kg8 25. Nxh6+ Kh7 26. Nxf7 Be7
27. Bf5 Kg7 28. Be6 c6 29. Bd7 Kxf7 30. Bxc6 Ke6 31. Bb7 a5 32. f4 f5 33. Kf2 b4
34. cxb4 Bxb4 35. b3 Bc3 36. Ke3 Be1 37. g4 fxg4 38. hxg4 Kd6 39. Bc8 Bg3 40. f5
Ne7 41. Ba6 Be1 42. Bd3 Ng8 43. g5 Ke7 44. Kf4 Bd2+ 45. Kg4 Kf7 46. Kh5 Ne7 47.
Kg4 Bc1 48. Kf3 Bxg5 49. Kg4 Bf6 50. Kf3 Bxd4 51. Kf4 Kf6 52. Kg4 Bb2 53. Kf4
Nc6 54. Ke3 d4+ 55. Ke4 Ne7 56. Kf4 Bc1+ 57. Ke4 Bb2 58. Kf4 Bc1+ 59. Ke4 Bb2 1/2-1/2

[Event "ch-FRA Blitz Online Qual"]
[Site "Europe-Chess INT"]
[Date "2020.05.16"]
[Round "1"]
[White "Mareau, Timothe"]
[Black "Verspecht, Thierry"]
[Result "0-1"]
[WhiteElo "1642"]
[BlackElo "2033"]
[WhiteFideId "45148864"]
[BlackFideId "202010"]
[EventDate "2020.05.16"]

1. e4 c5 2. c3 d5 3. exd5 Qxd5 4. d4 g6 5. Nf3 Bg7 6. Be2 Nc6 7. Be3 cxd4 8.
cxd4 Nf6 9. Nc3 Qd8 10. O-O O-O 11. h3 Nb4 12. Qb3 Nbd5 13. Rfd1 Qa5 14. Rac1 h6
15. Ne5 Be6 16. Bc4 Rfc8 17. Nxd5 Nxd5 18. Nf3 a6 19. a4 Rab8 20. Bd2 Qd8 21.
Bc3 b5 22. Bd3 Nxc3 23. Qc2 Nxd1 24. Qxd1 Rxc1 25. Qxc1 Rc8 26. Qd1 Bc4 27. Be4
Qc7 28. axb5 Bxb5 29. g4 Qc1 30. Qxc1 Rxc1+ 31. Kg2 e6 32. d5 exd5 33. Bxd5 Bc6
34. Ba2 Bxb2 35. Bb3 Rc3 36. Bd1 a5 37. Kg3 a4 38. Kf4 Rxf3+ 39. Bxf3 Bxf3 40.
Kxf3 a3 41. Ke2 a2 42. Kd2 a1=Q 43. Kc2 Qc1+ 44. Kb3 Bf6 45. Ka2 Kf8 0-1

[Event "ch-FRA Blitz Online Qual"]
[Site "Europe-Chess INT"]
[Date "2020.05.16"]
[Round "1"]
[White "Poulet, Benoit"]
[Black "Pernoud, Claire"]
[Result "1-0"]
[WhiteElo "2094"]
[BlackElo "1428"]
[WhiteFideId "26085844"]
[BlackFideId "663018"]
[EventDate "2020.05.16"]

1. d4 d5 2. Nc3 Nf6 3. Bf4 e6 4. e3 Bb4 5. Ne2 O-O 6. a3 Bd6 7. Qd2 Bxf4 8. Nxf4
Bd7 9. Bd3 c6 10. h4 Re8 11. h5 Ng4 12. f3 Nf6 13. g4 h6 14. O-O-O Na6 15. Rdg1
Nc7 16. g5 Nh7 17. gxh6 g6 18. hxg6 fxg6 19. Bxg6 Rf8 20. Bxh7+ Kxh7 21. Rg7+
Kh8 22. Ng6# 1-0

[Event "ch-FRA Blitz Online Qual"]
[Site "Europe-Chess INT"]
[Date "2020.05.16"]
[Round "1"]
[White "Cornileau, Raphael"]
[Black "Ciccoli, Theo"]
[Result "1/2-1/2"]
[WhiteElo "1397"]
[BlackElo "2178"]
[WhiteFideId "45105790"]
[BlackFideId "26053780"]
[EventDate "2020.05.16"]

1. e4 c5 2. Nf3 d6 3. Nc3 Nf6 4. d4 cxd4 5. Nxd4 g6 6. Bg5 Bg7 7. Be3 O-O 8. f3
Nc6 9. Be2 d5 10. exd5 Nxd5 11. Nxc6 bxc6 12. Nxd5 cxd5 13. O-O Bf5 14. c3 Rb8
15. Qd2 Qa5 16. Rfd1 Rfd8 17. b4 Qc7 18. Bd4 Rbc8 19. Bxg7 Kxg7 20. Qd4+ e5 21.
Qe3 Qxc3 22. Qxa7 Qxb4 23. Qe3 Qd6 24. Rac1 d4 25. Qd2 Rxc1 26. Rxc1 d3 27. Bf1
Qd4+ 28. Kh1 e4 29. fxe4 Bxe4 30. Rd1 Rc8 31. h3 Rc2 32. Qa5 d2 33. Qg5 Rc1 34.
Rxc1 dxc1=Q 35. Qxc1 f5 36. a3 Qa4 37. Qc3+ Kh6 38. Qd2+ Kg7 39. Qc3+ Kh6 40.
Qb4 Qd1 41. Qc4 Qa1 42. a4 Qa3 43. Qb5 Qxh3+ 44. Kg1 Qe3+ 45. Kh1 f4 46. a5 f3
47. gxf3 Bxf3+ 48. Bg2 Qe1+ 49. Kh2 Qh4+ 50. Kg1 Qd4+ 51. Kh2 Qd2 52. Qf1 Bxg2
53. Qxg2 Qf4+ 54. Qg3 Qa4 55. Qh3+ Kg7 56. Qc3+ Kh6 57. Qe3+ Kh5 58. Qh3+ Kg5
59. Qg3+ Kh6 60. Qh3+ Kg7 61. Qc3+ Kh6 62. Qh3+ 1/2-1/2

[Event "ch-FRA Blitz Online Qual"]
[Site "Europe-Chess INT"]
[Date "2020.05.16"]
[Round "1"]
[White "Alvin, Leo"]
[Black "Zanin, Clement"]
[Result "1-0"]
[WhiteElo "2025"]
[BlackElo "1327"]
[WhiteFideId "695645"]
[BlackFideId "36066869"]
[EventDate "2020.05.16"]

1. d4 d5 2. c4 e6 3. e3 Nf6 4. Nc3 Bb4 5. Nf3 c6 6. Bd3 Qa5 7. Bd2 Ne4 8. Nxe4
dxe4 9. Bxe4 Bxd2+ 10. Nxd2 Nd7 11. O-O Nf6 12. Bd3 Qc7 13. Rc1 O-O 14. e4 e5
15. d5 cxd5 16. cxd5 Qd6 17. Nc4 Qd8 18. Nxe5 Bd7 19. h3 Re8 20. f4 Qb6+ 21. Rf2
Qb4 22. a3 Qd4 23. Nxd7 Nxd7 24. e5 Nc5 25. Bxh7+ Kxh7 26. Qxd4 Nb3 27. Qd3+ Kg8
28. Qxb3 b6 29. d6 Rad8 30. Rfc2 g6 31. Rc7 a5 32. Qxf7+ Kh8 33. Qg7# 1-0

[Event "ch-FRA Blitz Online Qual"]
[Site "Europe-Chess INT"]
[Date "2020.05.16"]
[Round "1"]
[White "Sayah-Hobon, Noah"]
[Black "Firouzja, Mohammadreza"]
[Result "0-1"]
[WhiteElo "1364"]
[BlackElo "2135"]
[WhiteFideId "551015609"]
[BlackFideId "12573990"]
[EventDate "2020.05.16"]

1. e4 e6 2. d4 d5 3. exd5 exd5 4. Nf3 Nc6 5. Bd3 Bd6 6. O-O Nge7 7. c3 Bg4 8. h3
Bh5 9. Bg5 Qd7 10. Nbd2 f6 11. Bh4 O-O-O 12. Bb5 Nf5 13. Bxc6 Qxc6 14. Qc2 Qd7
15. Rfe1 g5 16. Bg3 Nxg3 17. fxg3 Bxg3 18. Re2 Rde8 19. Rxe8+ Rxe8 20. Rf1 Re2
21. Qd1 Qe6 22. Kh1 Qe3 23. Rg1 g4 24. Nf1 gxf3 25. Nxe3 Rxe3 26. Qd2 fxg2+ 27.
Rxg2 Re1+ 28. Qxe1 Bxe1 29. Rg8+ Kd7 30. Rg7+ Kd6 31. Rxh7 Bg6 32. Rh6 Be4+ 33.
Kg1 Ke6 34. Rh8 f5 35. h4 f4 36. Rh5 f3 37. Re5+ Kf6 38. Kf1 Bxh4 39. b3 Bd3+
40. Kg1 f2+ 41. Kh2 f1=Q 42. Re6+ Kxe6 43. c4 Qf2+ 44. Kh1 Be4# 0-1

[Event "ch-FRA Blitz Online Qual"]
[Site "Europe-Chess INT"]
[Date "2020.05.16"]
[Round "1"]
[White "Mekhane, Adam"]
[Black "Anas, Raphael"]
[Result "1-0"]
[WhiteElo "2013"]
[BlackElo "1421"]
[WhiteFideId "36050601"]
[BlackFideId "45115770"]
[EventDate "2020.05.16"]

1. e4 e5 2. Nf3 Nc6 3. Bb5 a6 4. Ba4 Bc5 5. c3 b5 6. Bb3 Nf6 7. O-O d6 8. d4
exd4 9. cxd4 Bb6 10. e5 dxe5 11. dxe5 Qxd1 12. Bxd1 Ng4 13. Bf4 O-O 14. h3 Nh6
15. Bxh6 gxh6 16. Nc3 Be6 17. Bc2 Rad8 18. Ne4 Kh8 19. Bb3 Ne7 20. Bxe6 fxe6 21.
Nf6 c5 22. Rfd1 c4 23. Nd7 Rfe8 24. Nxb6 Rxd1+ 25. Rxd1 Nf5 26. Nd7 Re7 27. Nf6
Kg7 28. Rd8 Rf7 29. Rg8# 1-0

[Event "ch-FRA Blitz Online Qual"]
[Site "Europe-Chess INT"]
[Date "2020.05.16"]
[Round "1"]
[White "Mokrani, Romuhald"]
[Black "Calvo, Dylan"]
[Result "0-1"]
[WhiteElo "1358"]
[BlackElo "2018"]
[WhiteFideId "551061279"]
[BlackFideId "36019410"]
[EventDate "2020.05.16"]

1. d4 e6 2. Nf3 b6 3. c4 Bb7 4. Nc3 Bb4 5. Bf4 f5 6. e3 Nf6 7. Rc1 O-O 8. Be2 d6
9. O-O Qe8 10. Nb5 Qe7 11. Bg5 a6 12. Nc3 Bxc3 13. bxc3 Nbd7 14. d5 e5 15. h3
Nc5 16. Nh4 Qd7 17. f4 h6 18. Bxf6 Rxf6 19. Bh5 Raf8 20. Ng6 Rd8 21. Qf3 e4 22.
Qg3 a5 23. Nh4 Ba6 24. Be2 Nd3 25. Bxd3 exd3 26. Rcd1 Bxc4 27. Rfe1 Re8 28. Nf3
Qb5 29. Nd4 Qxd5 30. Qf2 Qf7 31. Nc6 Re4 32. Nd4 Rg6 33. g3 c5 34. Nc6 Qe8 35.
Na7 Re7 36. Qf3 Rxa7 37. h4 Re7 38. h5 Rge6 39. Kf2 Bb5 40. Rb1 Bc6 41. Qd1 Rxe3
42. Rxe3 Rxe3 43. Kg1 Rxg3+ 44. Kh2 Qe3 45. Qf1 Rh3+ 46. Qxh3 Qf2+ 47. Qg2 Qxg2# 0-1

[Event "ch-FRA Blitz Online Qual"]
[Site "Europe-Chess INT"]
[Date "2020.05.16"]
[Round "1"]
[White "Jouneau, Quentin"]
[Black "Sepahpour, Shervine"]
[Result "1-0"]
[WhiteElo "2018"]
[BlackElo "1398"]
[WhiteFideId "649716"]
[BlackFideId "45150478"]
[EventDate "2020.05.16"]

1. e4 c5 2. Nf3 e6 3. b4 a6 4. bxc5 Bxc5 5. d4 Be7 6. Bd3 Nc6 7. O-O Nf6 8. e5
Nd5 9. c4 Nb6 10. Nc3 Nb4 11. Rb1 Nxd3 12. Qxd3 O-O 13. Ne4 Qc7 14. Neg5 Bxg5
15. Nxg5 g6 16. Ba3 Re8 17. Rfc1 h6 18. Ne4 Qd8 19. Nf6+ Kg7 20. Nxe8+ Qxe8 21.
Rxb6 Qd8 22. Rcb1 Qg5 23. Bc1 Qg4 24. Be3 d6 25. exd6 Bd7 26. Qd1 Rc8 27. Qxg4
Rc5 28. dxc5 1-0